00349cam a22001097a 4500008004000000082001800040100002500058245008000083260003900163300000900202650002800211180718b1962 xxu||||| |||| 00| 0 eng d aB131x493 AN28 aAndrieu, Jean- Marie aBelgium: treasures of yesterday promise of to-morrowcby Jean-Marrie Anrieu aBrusselsbLumiere Publishingc1962 a106p aCommunity Life- belgium